Macroeconomics / (Record no. 9064)

MARC details
000 -LEADER
fixed length control field 00880nam a2200277 a 4500
001 - CONTROL NUMBER
control field 1599624
003 - CONTROL NUMBER IDENTIFIER
control field OSt
005 - DATE AND TIME OF LATEST TRANSACTION
control field 20240704114008.0
008 - FIXED-LENGTH DATA ELEMENTS--GENERAL INFORMATION
fixed length control field 950324s1995 nyua b 001 0 eng
010 ## - LIBRARY OF CONGRESS CONTROL NUMBER
LC control number 94061334
020 ## - INTERNATIONAL STANDARD BOOK NUMBER
International Standard Book Number 1572590017
040 ## - CATALOGING SOURCE
Transcribing agency must
050 00 - LIBRARY OF CONGRESS CALL NUMBER
Classification number HB172.5
Item number .M357 1995
082 00 - DEWEY DECIMAL CLASSIFICATION NUMBER
Classification number 339 MAN 1995
Edition number 20
100 1# - MAIN ENTRY--PERSONAL NAME
Personal name Mankiw, N. Gregory.
9 (RLIN) 12764
245 10 - TITLE STATEMENT
Title Macroeconomics /
Statement of responsibility, etc. N. Gregory Mankiw, William Scarth.
250 ## - EDITION STATEMENT
Edition statement Canadian ed.
260 ## - PUBLICATION, DISTRIBUTION, ETC. (IMPRINT)
Place of publication, distribution, etc. New York :
Name of publisher, distributor, etc. Worth Publishers,
Date of publication, distribution, etc. c1995.
300 ## - PHYSICAL DESCRIPTION
Extent xxxvi, 556 p. :
Other physical details ill. ;
Dimensions 25 cm.
504 ## - BIBLIOGRAPHY, ETC. NOTE
Bibliography, etc Includes bibliographical references and index.
650 #0 - SUBJECT ADDED ENTRY--TOPICAL TERM
Topical term or geographic name as entry element Macroeconomics.
9 (RLIN) 7608
700 1# - ADDED ENTRY--PERSONAL NAME
Personal name Scarth, William M.,
Dates associated with a name 1946-
9 (RLIN) 18431
906 ## - LOCAL DATA ELEMENT F, LDF (RLIN)
a 7
b cbc
c orignew
d 3
e opcn
f 19
g y-gencatlg
942 ## - ADDED ENTRY ELEMENTS (KOHA)
Source of classification or shelving scheme Dewey Decimal Classification
Koha item type Open Shelf
Holdings
Withdrawn status Lost status Source of classification or shelving scheme Damaged status Not for loan Home library Current library Date acquired Source of acquisition Inventory number Total Checkouts Full call number Barcode Date last seen Price effective from Koha item type
    Dewey Decimal Classification     MUST Main Library MUST Main Library 04/07/2024 purchase 05/26022   339 MAN 1995 2024-21769 04/07/2024 04/07/2024 Open Shelf